Leverkusen players since 2000 - Statistics

General Stats
  • This quiz has been taken 59 times
    49 since last reset
  • The average score is 93 of 204
Answer Stats
Ranking Player Positions Nationality Matches Goals Assists Periods % Correct
2 Jonathan Tah DF 291 15 8 2015-2025
100%
8 Lukáš Hrádecký GK 222 0 0 2018-2025
100%
17 Dimitar Berbatov FW 154 69 23 2000-2006
97%
194 Domagoj Vida DF, MF 1 0 0 2010-2011
97%
25 Jeremie Frimpong DF, MF 133 23 25 2020-2025
97%
31 Patrik Schick MF, FW 121 64 5 2020-2025
97%
34 Arturo Vidal MF 117 15 16 2007-2011
94%
16 Edmond Tapsoba DF 157 3 1 2019-2025
94%
22 Florian Wirtz MF, FW 140 35 45 2019-2025
94%
41 Exequiel Palacios MF 108 11 14 2019-2025
91%
62 Granit Xhaka DF, MF 66 5 7 2023-2025
91%
37 Piero Hincapié DF, MF 115 5 7 2021-2025
91%
63 Álex Grimaldo DF 65 12 20 2023-2025
89%
32 Leon Bailey DF, MF, FW 119 28 18 2016-2021
89%
53 Michael Ballack MF 91 26 10 2000-2001, 2010-2012
89%
1 Stefan Kießling MF, FW 344 131 44 2006-2018
89%
79 Javier Hernández FW 54 28 4 2015-2017
86%
29 Moussa Diaby DF, MF, FW 125 31 36 2019-2023
86%
18 Ömer Toprak DF 154 5 1 2011-2017
86%
49 Amine Adli MF, FW 94 14 11 2021-2025
83%
6 Bernd Leno GK 233 0 0 2011-2018
83%
14 Charles Aránguiz MF 168 10 20 2015-2023
83%
11 Hans-Jörg Butt GK 191 6 0 2001-2007
83%
5 Lars Bender DF, MF 256 22 26 2009-2021
83%
58 Odilon Kossounou DF 73 1 2 2021-2024
83%
44 Robert Andrich DF, MF 106 12 8 2021-2025
83%
43 Sven Bender DF, MF 107 4 1 2017-2021
83%
3 Simon Rolfes MF 288 41 27 2005-2015
80%
114 Aleix García MF 28 3 4 2024-2025
77%
56 Hakan Çalhanoğlu MF, FW 79 17 16 2014-2017
77%
87 Nathan Tella DF, MF, FW 51 7 6 2023-2025
77%
24 René Adler GK 138 0 0 2006-2011
77%
100 Victor Boniface FW 42 22 9 2023-2025
77%
50 Andriy Voronin MF, FW 92 33 13 2004-2007
74%
33 Kai Havertz MF, FW 118 36 21 2016-2020
74%
51 Lúcio DF 92 15 2 2000-2004
74%
85 Adam Hložek MF, FW 52 7 6 2022-2024
71%
7 Bernd Schneider DF, MF 231 32 56 2000-2009
71%
4 Gonzalo Castro DF, MF 285 25 43 2004-2015
71%
35 Julian Baumgartlinger DF, MF 115 5 4 2016-2022
71%
15 Julian Brandt MF, FW 165 34 28 2013-2019
69%
42 Kerem Demirbay MF 108 10 15 2019-2023
69%
81 Kevin Kampl MF 53 4 4 2015-2018
69%
166 Matej Kovar GK 6 0 0 2023-2025
69%
68 Son Heung-min MF, FW 62 21 6 2013-2016
69%
13 Wendell DF, MF 186 7 10 2014-2021
69%
10 Carsten Ramelow DF, MF 200 12 8 2000-2008
66%
104 Dani Carvajal DF 32 1 7 2012-2013
66%
40 Eren Derdiyok FW 108 26 12 2009-2011, 2013-2014
66%
39 Jens Nowotny DF 110 2 2 2000-2006
66%
9 Karim Bellarabi DF, MF, FW 215 34 38 2011-2012, 2014-2023
66%
28 Lucas Alario MF, FW 126 42 10 2017-2022
66%
27 Michal Kadlec DF 128 8 8 2008-2013
66%
26 Oliver Neuville FW 132 37 20 2000-2004
66%
84 Sami Hyypiä DF 53 3 2 2009-2011
66%
105 Sardar Azmoun MF, FW 32 5 2 2021-2023
66%
19 Stefan Reinartz DF, MF 148 11 6 2009-2015
66%
54 Tin Jedvaj DF 84 3 1 2014-2018, 2020-2021
66%
98 Toni Kroos MF 43 10 9 2008-2010
66%
80 Zé Roberto DF, MF 54 6 19 2000-2002
66%
66 Admir Mehmedi MF, FW 62 7 9 2015-2018
63%
123 Joel Pohjanpalo MF, FW 23 7 0 2016-2017, 2019-2023
63%
20 Manuel Friedrich DF 147 11 2 2007-2013
63%
45 Nadiem Amiri MF, FW 105 8 9 2019-2024
63%
107 Panagiotis Retsos DF 31 1 3 2017-2018, 2019-2020, 2021-2022
63%
46 Renato Augusto MF 101 8 9 2008-2013
63%
117 Robbie Kruse MF, FW 28 2 1 2013-2016
63%
89 Theofanis Gekas FW 50 13 3 2007-2010
63%
12 Tranquillo Barnetta MF 187 23 33 2005-2012
63%
60 Aleksandar Dragović DF, MF 71 3 1 2016-2021
60%
71 Daley Sinkgraven DF, MF, FW 59 0 3 2019-2023
60%
134 Martin Terrier MF, FW 15 2 1 2024-2025
60%
82 Mitchel Bakker DF, MF, FW 53 4 6 2021-2023
60%
188 Niklas Lomb GK 2 0 0 2020-2021
60%
90 Emir Spahić DF 49 3 2 2013-2015
57%
95 Giulio Donati DF, FW 43 0 1 2013-2016
57%
96 Jonas Hofmann MF, FW 43 7 8 2023-2025
57%
23 Juan DF 138 10 8 2002-2007
57%
136 Callum Hudson-Odoi DF, MF, FW 14 0 1 2022-2023
54%
30 Diego Placente DF 123 3 6 2000-2005
54%
36 Kevin Volland MF, FW 115 44 20 2016-2020
54%
75 Patrick Helmes FW 57 28 5 2008-2011
54%
103 Roque Júnior DF 35 0 0 2004-2007
54%
52 Sidney Sam MF, FW 92 24 14 2010-2014
54%
59 Yıldıray Baştürk MF 72 8 9 2001-2004
54%
78 Dominik Kohr DF, MF 54 1 3 2011-2013, 2017-2019
51%
113 Emre Can DF, MF 29 3 3 2013-2014
51%
76 Paulinho MF, FW 57 8 3 2018-2023
51%
88 Philipp Wollscheid DF 51 2 0 2012-2014
51%
182 Ramazan Özcan GK 3 0 0 2017-2019
51%
108 Robert Kovač DF 31 0 1 2000-2001
51%
124 Timothy Fosu-Mensah DF 23 0 0 2020-2023
51%
64 André Schürrle MF, FW 65 18 12 2011-2013
49%
121 Arthur DF 24 0 3 2023-2025
49%
99 Hans Sarpei DF 42 0 0 2007-2010
49%
127 Josip Stanišić DF 20 3 1 2023-2024
49%
110 Kyriakos Papadopoulos DF, MF 30 2 1 2014-2016
49%
83 Mitchell Weiser DF, MF, FW 53 3 3 2018-2021
49%
73 Roberto Hilbert DF, MF 58 1 1 2013-2017
49%
153 Borja Iglesias FW 7 0 0 2023-2024
46%
47 Daniel Schwaab DF 96 0 1 2009-2013
46%
144 Demarai Gray MF, FW 10 1 2 2020-2021
46%
70 Sebastian Boenisch DF 60 3 6 2012-2016
46%
137 Angelos Charisteas FW 13 1 0 2008-2009
43%
161 Benedikt Fernandez GK 6 0 0 2006-2009
43%
38 Paul Freier MF 112 17 20 2004-2008
43%
69 Sergej Barbarez MF, FW 61 11 12 2006-2008
43%
65 Ulf Kirsten FW 64 23 8 2000-2003
43%
160 Arkadiusz Milik FW 6 0 0 2012-2013
40%
115 Christoph Kramer MF 28 0 1 2015-2016
40%
150 Danny da Costa DF, FW 9 0 0 2011-2012, 2016-2017
40%
142 Emi Buendía MF, FW 11 2 0 2024-2025
40%
91 Jens Hegeler DF, MF 48 3 2 2007-2008, 2012-2014
40%
164 Junior Fernándes MF, FW 6 0 1 2012-2013
40%
135 Nordi Mukiele DF, FW 15 1 0 2024-2025
40%
202 Santiago Arias DF, MF 1 0 0 2020-2021
40%
193 David Yelldell GK 1 0 0 2015-2016
37%
163 Isaac Kiese Thelin MF, FW 6 0 0 2018-2019
37%
72 Karim Haggui DF 59 3 0 2006-2009
37%
159 Vedran Ćorluka DF 7 0 0 2011-2012
37%
139 Vladlen Yurchenko MF 13 1 0 2014-2017
37%
129 Hajime Hosogai DF, MF 17 0 0 2012-2013
34%
86 Jacek Krzynówek MF, FW 52 9 9 2004-2006
34%
120 Josip Drmić MF, FW 25 6 1 2014-2015
34%
170 Lennart Grill GK 5 0 0 2020-2022
34%
21 Marko Babić DF, MF 143 13 18 2000-2007
34%
92 Pirmin Schwegler MF 46 0 1 2006-2009
34%
171 Andrés Guardado DF, MF, FW 4 0 0 2013-2014
31%
67 Benjamin Henrichs DF, MF 62 0 4 2015-2019
31%
191 Ayman Azhil MF 1 0 0 2022-2023
29%
168 Jeanuël Belocian DF, MF 5 0 0 2024-2025
29%
156 Landon Donovan MF, FW 7 0 0 2004-2005
29%
174 Mario Hermoso DF 4 0 0 2024-2025
29%
183 Zidan Sertdemir MF, FW 3 0 0 2021-2022
29%
106 Zoltán Sebescen DF, MF 32 3 3 2001-2003
29%
112 Ahmed Reda Madouni DF 29 3 1 2005-2007
26%
125 André Ramalho DF 22 0 0 2015-2016, 2017-2018
26%
61 França FW 71 21 14 2002-2005
26%
155 Gustavo Puerta DF, MF 7 0 0 2023-2024
26%
175 Noah Mbamba MF 4 0 1 2022-2024
26%
77 Robson Ponte MF, FW 55 4 16 2000-2001, 2003-2005
26%
148 Constant Djakpa DF 9 0 1 2008-2009
23%
102 Jan-Ingwer Callsen-Bracker DF 36 2 0 2003-2008
23%
133 Levin Öztunalı MF, FW 15 0 0 2013-2015
23%
101 Lukas Sinkiewicz DF, MF 39 2 0 2007-2010
23%
109 Athirson DF, MF 30 2 4 2005-2007
20%
55 Boris Živković DF 83 3 2 2000-2003
20%
94 Clemens Fritz DF, MF 43 2 1 2003-2004, 2005-2006
20%
132 Dmitri Bulykin FW 15 2 0 2007-2009
20%
195 Emrehan Gedikli FW 1 0 0 2020-2021
20%
48 Hanno Balitsch MF 96 6 1 2002-2004, 2010-2012
20%
93 Jurica Vranješ MF 45 0 1 2000-2003
20%
176 Pierre de Wit MF 4 0 0 2006-2007
20%
97 Sascha Dum DF, MF 43 0 3 2004-2005, 2007-2009
20%
119 Vratislav Greško DF 27 0 3 2000-2001, 2007-2008
20%
185 Assimiou Touré DF 2 0 0 2006-2007, 2009-2010
17%
116 Fredrik Stenman DF 28 0 0 2005-2007
17%
118 Henrique DF 27 0 0 2008-2009
17%
169 Jermaine Jones MF 5 0 0 2004-2005
17%
198 Josip Tadić FW 1 0 0 2005-2006
17%
165 Kenan Şahin FW 6 0 0 2003-2005
17%
199 Kostas Stafylidis DF, MF 1 0 0 2013-2014
17%
180 Marcel Risse DF, MF, FW 3 0 0 2007-2008
17%
187 Michael Rensing GK 2 0 0 2012-2013
17%
128 Michal Papadopulos FW 19 0 0 2005-2008
17%
122 Paulo Rink MF, FW 24 5 6 2000-2001
17%
203 Thanos Petsos DF, MF 1 0 0 2009-2010
17%
74 Thomas Brdarić FW 58 8 4 2000-2003
17%
131 Adam Matysek GK 15 0 0 2000-2001
14%
57 Daniel Bierofka MF 78 12 3 2002-2005
14%
149 Danko Lazović FW 9 0 1 2005-2006
14%
154 Frank Juric GK 7 0 0 2000-2001, 2002-2003
14%
196 Iker Bravo MF, FW 1 0 0 2021-2022
14%
181 Markus Daun FW 3 0 0 2000-2001
14%
151 Marlon Frey MF 9 0 0 2015-2016
14%
111 Pascal Ojigwe DF, MF 30 0 0 2000-2003
14%
138 Pascal Zuberbühler GK 13 0 0 2000-2001
14%
189 Ricardo Faty MF 2 0 0 2007-2008
14%
167 Sezer Öztürk MF 6 0 0 2004-2005
14%
143 Teddy Lučić DF 11 0 0 2003-2004
14%
146 Thomas Kleine DF 10 0 0 2001-2003
14%
184 Andrey Lunyov GK 2 0 0 2021-2023
11%
178 Anel Džaka MF 3 0 0 2000-2003
11%
147 Bastian Oczipka DF, FW 9 0 0 2011-2012
11%
172 Burak Kaplan MF 4 2 1 2009-2010
11%
192 Dario Krešić GK 1 0 0 2015-2016
11%
162 Fabian Giefer GK 6 0 0 2009-2012
11%
126 Jan Šimák MF 22 3 1 2002-2003
11%
145 Nicolai Jørgensen MF, FW 10 0 2 2010-2012
11%
201 Samed Yeşil FW 1 0 0 2011-2012
11%
158 Sebastian Schoof FW 7 2 0 2002-2003
11%
204 Thorsten Wittek MF 1 0 0 2001-2002
11%
141 Tomasz Zdebel MF 12 0 0 2008-2010
11%
152 Andreas Neuendorf MF 7 0 0 2000-2001
9%
173 Christoph Preuß DF, MF 4 0 0 2002-2003
9%
186 Cris DF 2 0 0 2002-2003
9%
179 Frankie Hejduk DF, MF 3 0 0 2000-2001
9%
197 Ioannis Masmanidis MF 1 0 0 2003-2004
9%
130 Jörg Reeb DF, MF 17 0 1 2000-2001
9%
157 Michael Ortega MF 7 0 0 2011-2012
9%
200 Okan Aydın MF, FW 1 0 0 2012-2013
9%
140 Radosław Kałużny MF 12 0 0 2002-2005
9%
177 Richard Sukuta-Pasu FW 4 0 0 2008-2009
9%
190 Ryu Seung-woo MF, FW 2 0 0 2013-2014
9%
No matching quizzes found
Score Distribution
Percent of People with Each Score
Percentile by Number Answered
Your Score History
You have not taken this quiz since the last reset